| 000 | 00466nam a22001937a 4500 | ||
|---|---|---|---|
| 005 | 20190708110927.0 | ||
| 008 | 190708b xxu||||| |||| 00| 0 eng d | ||
| 020 |
_a9780593078754 _cRs 799 |
||
| 040 | _beng | ||
| 041 | _aEnglish | ||
| 082 |
_aF _bBRO |
||
| 100 |
_aBrown, Dan _d1964- |
||
| 245 |
_aOrigin _cDan Brown |
||
| 260 |
_aLondon _bTransworld Publishers _c2017 |
||
| 300 |
_a456p _b24 cm |
||
| 650 | _aFiction in English | ||
| 850 | _aLCLIB | ||
| 942 | _cBK | ||
| 999 |
_c42204 _d92683 |
||